Villes d'Algérie A-Z - Statistiques

Statistiques générales
  • Ce quiz a été pris 830 fois
  • Le résultat moyen est 9 sur 16
Statistiques - réponses
Lettre Ville % Correct
A Alger / Annaba / Adrar / Aflou / Aïn Defla / Aïn Oulmene / Aïn Oussara / Aïn M'Lila / Aïn Témouchent/ Aïn Touta / Aïn Beïda / Aïn Sefra / Aïn Bessem / Aïn Fakroun
100%
B Blida / Batna / Biskra / Béjaïa / Béchar / Bordj Bou Arreridj / Bousaada / Barika / Berrouaghia / Boufarik / Bir-el-Ater / Bouira / Beni Saf / Boukadir / Bougara / Bordj Menaïel
92%
C Constantine / Chlef / Cheria / Chettia / Chelghoum Laïd / Cherchell / Chetouane
86%
O Oran / Ouargla / Ouled Djellal / Oued Rhiou / Oum El Bouaghi / Ouenza / Oued Athmania
85%
T Tébessa / Tiaret / Tlemcen / Touggourt / Tizi Ouzou / Taher / Tamanrasset / Tissemsilt / Tolga / Tadjenanet / Tindouf / Tighennif / Teleghma / Tamalous / Tazoult
83%
S Sétif / Sidi Bel Abbes / Skikda / Souk Ahras / Saïda / Sig / Sidi Aïssa / Sougueur / Sedrata / Sidi Khaled / Sour El Ghozlane
74%
M Mostaganem / Médéa / M'Sila / Mascara / Mila / Mohammadia / Messaad / Mecheria / Maghnia / Miliana / Metlili / Meskiana / Mahdia / Mouzaia / M'daourouch
69%
J Jijel
55%
G Guerara / Ghardaïa / Guelma / Guemar / Grarem Gouga
51%
R Relizane / Ras El Oued / Remchi / Reguiba
40%
D Djelfa / Djamaa
37%
E El Oued / El Eulma / El Bayadh / El Ménéa / El Affroun / El Milia / El M'Ghair / El Attaf / El Abadia / El Harrouch
32%
K Khenchela / Khemis Miliana / Ksar Chellala / Ksar El Boukhari / Kais
24%
L Laghouat / Lakhdaria
24%
H Hassi Bahbah / Hassi Messaoud / Hadjout
13%
F Frenda / Ferjioua
8%
Aucun quiz correspondant
Distribution des résultats
% des personnes avec chaque résultat
Percentile par nombre de réponses
Votre historique - résultats
Vous n’avez pas pris ce quiz